US Presidents' Last Names By Length Quiz Stats

Quiz Updated Jan 20, 2017

Challenge
Share
Tweet
Embed
Score 0/7 Timer 01:00
0 Plays Today
Length A US President % Correct
4Polk
97.4%
7Madison
95.9%
5Grant
95.7%
10Washington
88.9%
6Monroe
88.3%
9Jefferson
85.2%
8Harrison
70.7%

You're not logged in!

Compare scores with friends on all Sporcle quizzes.
Sign Up with Email
OR
Log In

You Might Also Like...

Show Comments

Extras

Top Quizzes Today


Score Distribution

Your Account Isn't Verified!

In order to create a playlist on Sporcle, you need to verify the email address you used during registration. Go to your Sporcle Settings to finish the process.